Irrigation And Water Power Engineering (Record no. 55415)

MARC details
000 -LEADER
fixed length control field 00491nam a2200193Ia 4500
005 - DATE AND TIME OF LATEST TRANSACTION
control field 20230706122328.0
008 - FIXED-LENGTH DATA ELEMENTS--GENERAL INFORMATION
fixed length control field 230524s9999 xx 000 0 und d
020 ## - INTERNATIONAL STANDARD BOOK NUMBER
ISBN 9788131807637
082 ## - DEWEY DECIMAL CLASSIFICATION NUMBER
Classification number 627.52
Item number PUN
100 ## - MAIN ENTRY--AUTHOR NAME
Personal name B.C.Punima
245 #0 - TITLE STATEMENT
Title Irrigation And Water Power Engineering
250 ## - EDITION STATEMENT
Edition statement 1
260 ## - PUBLICATION, DISTRIBUTION, ETC. (IMPRINT)
Place of publication New Delhi
Name of publisher Laxmi Pub.
Year of publication 2014
300 ## - PHYSICAL DESCRIPTION
Number of Pages "xvi,961p;"
500 ## - GENERAL NOTE
General note Quantity Number: 4
650 ## - SUBJECT ADDED ENTRY--TOPICAL TERM
Topical Term Civil
700 ## - ADDED ENTRY--PERSONAL NAME
Personal name Pande B.B.Lal (etal...)
942 ## - ADDED ENTRY ELEMENTS (KOHA)
Koha item type Books
Holdings
Lost status Damaged status Permanent Location Current Location Shelving location Date acquired Full call number Accession Number Koha item type
    Central Library, Trident Academy of Technology Central Library, Trident Academy of Technology General Stacks 05/24/2023 627.52 PUN 52933 Books
    Central Library, Trident Academy of Technology Central Library, Trident Academy of Technology General Stacks 05/24/2023 627.52 PUN 52934 Books
    Central Library, Trident Academy of Technology Central Library, Trident Academy of Technology General Stacks 05/24/2023 627.52 PUN 53232 Books
    Central Library, Trident Academy of Technology Central Library, Trident Academy of Technology General Stacks 05/24/2023 627.52 PUN 53233 Books
Trident Academy of Technology © 2023.
All rights reserved.                                                                                                                                                                                                        Designed by Team of Central Library .

Powered by Koha